| 000 | 00608nam a22002057a 4500 | ||
|---|---|---|---|
| 999 |
_c9266 _d9266 |
||
| 003 | AR-CdUCM | ||
| 008 | 190327b ||||| |||| 00| 0 spa d | ||
| 040 |
_aMUNICIPALIDAD PROVINCIAL DEL CUSCO _cBIBLIOTECA MUNICIPAL DEL CUSCO |
||
| 082 |
_a869.5 / _bF39 |
||
| 100 |
_aFernandez Arce _925362 |
||
| 245 | _aLos entusiasmos / | ||
| 260 |
_aLima : _bEdiciones Casa de la poesía, _c1964. |
||
| 300 |
_a77 páginas ; _c18.5 cm. |
||
| 500 | _aContiene dedicatoria a Luis Nieto. | ||
| 650 |
_aPoesía _9139 |
||
| 650 |
_aLiteratura peruana _9169 |
||
| 650 |
_aSiglo XX _98 |
||
| 942 |
_2ddc _cLIBROS |
||
| 945 | _azta | ||